[Event "Toronto op"]
[Site "Toronto CAN"]
[Date "1973.04.22"]
[Round "5"]
[White "Brodie, Hugh"]
[Black "Bowerman, Robert"]
[Result "0-1"]
[WhiteElo "1800"]
[BlackElo "1900"]
[PlyCount "64"]
[EventDate "1973.04.20"]
[EventType "swiss"]
[EventRounds "6"]
[EventCountry "CAN"]

1. e4 c5 2. Nf3 d6 3. d4 cxd4 4. Nxd4 Nf6 5. Nc3 g6 6. Be3 Bg7 7. f3 O-O 8. Qd2
Nc6 9. O-O-O d5 10. Nxc6 bxc6 11. exd5 cxd5 12. Nxd5 Nxd5 13. Qxd5 Qc7 14. Qxa8
Bf5 15. Qxf8+ Kxf8 16. c4 h5 17. Rd5 Kg8 18. Be2 Qb7 19. b3 Qb4 20. Bd2 Qa3+
21. Kd1 Qxa2 22. Ke1 Qxb3 23. Kf2 Be6 24. Rd3 Qa4 25. Rc1 Kh7 26. c5 Bb2 27.
Re1 Qh4+ 28. Kg1 Bd4+ 29. Kh1 Bf2 30. Rb1 Bg3 31. h3 Bxh3 32. Rb4 Bxg2+ 0-1

[Event "Toronto op"]
[Site "Toronto CAN"]
[Date "1973.04.22"]
[Round "6"]
[White "Brodie, Hugh"]
[Black "Avery, Peter"]
[Result "1/2-1/2"]
[WhiteElo "1800"]
[BlackElo "1900"]
[PlyCount "65"]
[EventDate "1973.04.20"]
[EventType "swiss"]
[EventRounds "6"]
[EventCountry "CAN"]

1. e4 e5 2. Nc3 Nc6 3. Bc4 Nf6 4. d3 d6 5. f4 Be7 6. Nf3 Na5 7. Bb3 Nxb3 8.
axb3 exf4 9. Bxf4 O-O 10. O-O c6 11. h3 h6 12. Ne2 Qb6+ 13. Kh2 Rd8 14. g4 Nh7
15. Ng3 Qc7 16. Nf5 Bxf5 17. gxf5 Ng5 18. Rg1 Nxf3+ 19. Qxf3 Kh7 20. Qh5 Bf6
21. c3 Be5 22. Bxe5 dxe5 23. Rg3 Rd7 24. Rag1 Rg8 25. Qf3 Qd8 26. Qg2 Qf6 27.
Rf1 Qd8 28. Rg1 f6 29. Rg4 Qe7 30. Rg6 Qf7 31. Qc2 Qe8 32. Qg2 Qf7 33. Qc2
1/2-1/2

[Event "Ottawa op"]
[Site "Ottawa CAN"]
[Date "1973.03.24"]
[Round "1"]
[White "Brodie, Hugh"]
[Black "Saxe, Barry"]
[Result "0-1"]
[WhiteElo "1800"]
[BlackElo "2000"]
[PlyCount "50"]
[EventDate "1973.03.25"]
[EventType "swiss"]
[EventRounds "5"]
[EventCountry "CAN"]

1. e4 c5 2. Nf3 d6 3. d4 cxd4 4. Nxd4 Nf6 5. Nc3 g6 6. Be3 Bg7 7. f3 Nc6 8. Qd2
O-O 9. O-O-O Nxd4 10. Bxd4 Be6 11. h4 Qa5 12. Kb1 Rfc8 13. a3 Rab8 14. h5 b5
15. hxg6 hxg6 16. g4 b4 17. Nd5 Bxd5 18. exd5 Qa4 19. b3 Qxa3 20. g5 Nxd5 21.
Bxg7 Nc3+ 22. Bxc3 bxc3 23. Qc1 Rxb3+ 24. cxb3 Qxb3+ 25. Ka1 Qa4+ 0-1

[Event "Ottawa op"]
[Site "Ottawa CAN"]
[Date "1973.03.24"]
[Round "2"]
[White "Abbott, John"]
[Black "Brodie, Hugh"]
[Result "0-1"]
[WhiteElo "1600"]
[BlackElo "1800"]
[PlyCount "30"]
[EventDate "1973.03.25"]
[EventType "swiss"]
[EventRounds "5"]
[EventCountry "CAN"]

1. b3 e5 2. Bb2 Nc6 3. e3 d6 4. Bb5 f5 5. Qh5+ g6 6. Qd1 Nf6 7. d4 exd4 8. Qxd4
Bg7 9. Nc3 Bd7 10. Bxc6 Bxc6 11. Nf3 O-O 12. Ne2 Nh5 13. Qxg7+ Nxg7 14. Nf4 Qe7
15. Nd4 g5 0-1

[Event "Ottawa op"]
[Site "Ottawa CAN"]
[Date "1973.03.24"]
[Round "3"]
[White "Brodie, Hugh"]
[Black "Hopper, Michael"]
[Result "1-0"]
[WhiteElo "1800"]
[BlackElo "1700"]
[PlyCount "73"]
[EventDate "1973.03.25"]
[EventType "swiss"]
[EventRounds "5"]
[EventCountry "CAN"]

1. e4 e5 2. Nc3 Nf6 3. f4 Nc6 4. fxe5 Nxe5 5. d4 Nc6 6. e5 Qe7 7. Bg5 d6 8. Nd5
Qd7 9. exf6 Qe6+ 10. Qe2 Qxe2+ 11. Nxe2 gxf6 12. Bxf6 Rg8 13. Nxc7+ Kd7 14.
Nxa8 Bh6 15. Ng3 Re8+ 16. Be2 Ke6 17. Nc7+ Kxf6 18. Nxe8+ Ke7 19. Nc7 Nxd4 20.
Bd3 Kd7 21. Nd5 Kc6 22. Ne7+ Kd7 23. Nxc8 Kxc8 24. Bxh7 Kd7 25. O-O Ke6 26.
Rae1+ Kd5 27. Rxf7 Bd2 28. Rd1 Be3+ 29. Kh1 Ke6 30. Rxb7 Nxc2 31. Bxc2 Bf2 32.
Ne4 Bb6 33. Rxd6+ Ke5 34. Re7+ Kf5 35. Ng3+ Kg5 36. Rg6+ Kf4 37. Re4# 1-0

[Event "Ottawa op"]
[Site "Ottawa CAN"]
[Date "1973.03.25"]
[Round "4"]
[White "Szabo, Alexander"]
[Black "Brodie, Hugh"]
[Result "0-1"]
[WhiteElo "1600"]
[BlackElo "1800"]
[PlyCount "98"]
[EventDate "1973.03.25"]
[EventType "swiss"]
[EventRounds "5"]
[EventCountry "CAN"]

1. e4 c5 2. Nf3 d6 3. d4 cxd4 4. Nxd4 Nf6 5. Nc3 g6 6. Bg5 Bg7 7. f4 h6 8. Bh4
O-O 9. Bc4 Nc6 10. e5 dxe5 11. Ndb5 exf4 12. Qxd8 Rxd8 13. Nc7 Rb8 14. O-O g5
15. Bf2 Bf5 16. Bb3 Rd2 17. Rad1 Rbd8 18. N7d5 Rxd1 19. Rxd1 Nxd5 20. Nxd5 e6
21. Ne7+ Kf8 22. Rxd8+ Nxd8 23. Nxf5 exf5 24. Bxa7 Bxb2 25. Bc5+ Kg7 26. Bd5
Nc6 27. Bb6 Bd4+ 28. Bxd4+ Nxd4 29. c4 Ne2+ 30. Kf2 Nc3 31. Bxb7 Nxa2 32. c5
Nb4 33. Ke2 Kf6 34. Kd2 Ke6 35. Kc3 Nd5+ 36. Kc4 Nc7 37. Bc8+ Ke5 38. Bd7 g4
39. Bc6 h5 40. Bb7 h4 41. Bc6 f3 42. gxf3 g3 43. hxg3 hxg3 44. f4+ Kxf4 45. Bg2
Ke3 46. c6 f4 47. Kc5 f3 48. Bxf3 Kxf3 49. Kd6 Nb5+ 0-1

[Event "Ottawa op"]
[Site "Ottawa CAN"]
[Date "1973.03.25"]
[Round "5"]
[White "Brodie, Hugh"]
[Black "Chatterton, Peter"]
[Result "1-0"]
[WhiteElo "1800"]
[BlackElo "1800"]
[PlyCount "63"]
[EventDate "1973.03.25"]
[EventType "swiss"]
[EventRounds "5"]
[EventCountry "CAN"]

1. e4 g6 2. d4 Bg7 3. Nc3 d6 4. f4 Nc6 5. Nf3 Bg4 6. Be3 Bxf3 7. gxf3 e6 8. Qd2
e5 9. fxe5 dxe5 10. d5 Nb8 11. O-O-O h5 12. Kb1 Nf6 13. Bg5 a6 14. f4 Qd6 15.
fxe5 Qxe5 16. Re1 O-O 17. Bf4 Qe7 18. Bh3 Ne8 19. e5 Qh4 20. Qe3 Qe7 21. Bg5 f6
22. Be6+ Kh7 23. Bh4 Qb4 24. Bg3 fxe5 25. Bxe5 Bxe5 26. Qxe5 Nd6 27. a3 Qb6 28.
Ne4 Nxe4 29. Qxe4 Qd6 30. Reg1 Rf6 31. Rg5 Kh6 32. Rhg1 1-0

[Event "Carnaval"]
[Site "Quebec CAN"]
[Date "1973.03.02"]
[Round "1"]
[White "Brodie, Hugh"]
[Black "Motard, Jean-Pierre"]
[Result "0-1"]
[WhiteElo "1800"]
[BlackElo "1800"]
[PlyCount "49"]
[EventDate "1973.03.02"]
[EventType "swiss"]
[EventRounds "5"]
[EventCountry "CAN"]

1. e4 c5 2. Nf3 e6 3. d4 cxd4 4. Nxd4 a6 5. Nc3 Qc7 6. Be3 Nf6 7. Be2 Bb4 8.
Qd3 Nxe4 9. O-O Nxc3 10. bxc3 Qxc3 11. Qe4 O-O 12. Bd3 f5 13. Qh4 Nc6 14. Ne2
Qf6 15. Bg5 Qf7 16. Rad1 Be7 17. Bxe7 Nxe7 18. Ng3 e5 19. Qa4 d5 20. Rfe1 f4
21. Nf1 e4 22. Rxe4 dxe4 23. Qxe4 Bf5 24. Qxb7 Bxd3 25. Rxd3 0-1

[Event "Carnaval"]
[Site "Quebec CAN"]
[Date "1973.03.03"]
[Round "2"]
[White "Angers, Marc"]
[Black "Brodie, Hugh"]
[Result "0-1"]
[WhiteElo "1500"]
[BlackElo "1800"]
[PlyCount "88"]
[EventDate "1973.03.02"]
[EventType "swiss"]
[EventRounds "5"]
[EventCountry "CAN"]

1. e4 c5 2. Nf3 d6 3. d4 cxd4 4. Nxd4 Nf6 5. Nc3 g6 6. Bc4 Bg7 7. h3 O-O 8. O-O
Nc6 9. Nxc6 bxc6 10. Rb1 c5 11. Bd2 Bb7 12. Bd3 Rc8 13. Qe2 Nd7 14. Ba6 Bxa6
15. Qxa6 Qb6 16. Qxb6 axb6 17. b3 Ra8 18. a4 Rfb8 19. Nd5 e6 20. Nc3 Bxc3 21.
Bxc3 d5 22. exd5 exd5 23. Rfd1 d4 24. Ba1 b5 25. axb5 Rxb5 26. c3 Rab8 27. cxd4
c4 28. b4 Rxb4 29. Rxb4 Rxb4 30. Bc3 Rb3 31. Rc1 Kf8 32. f4 Ke7 33. Kf2 Kd6 34.
Ke3 Kd5 35. g4 Nf6 36. Kd2 Ne4+ 37. Kd1 Nxc3+ 38. Kc2 Kxd4 39. Re1 Ne4 40. Rd1+
Rd3 41. Rxd3+ cxd3+ 42. Kd1 Ke3 43. Ke1 d2+ 44. Kd1 Kd3 0-1

[Event "Carnaval"]
[Site "Quebec CAN"]
[Date "1973.03.03"]
[Round "3"]
[White "Brodie, Hugh"]
[Black "Boisclair, Andre"]
[Result "1-0"]
[WhiteElo "1800"]
[BlackElo "1600"]
[PlyCount "67"]
[EventDate "1973.03.02"]
[EventType "swiss"]
[EventRounds "5"]
[EventCountry "CAN"]

1. e4 e6 2. d4 d5 3. Nc3 Bb4 4. e5 c5 5. a3 Bxc3+ 6. bxc3 Qc7 7. Qg4 f5 8. Qg3
Nc6 9. Nf3 b6 10. Be2 Nge7 11. Qxg7 Rg8 12. Qxh7 cxd4 13. O-O Nxe5 14. cxd4
N5g6 15. Qh6 Bd7 16. a4 Rh8 17. Qd2 e5 18. dxe5 Nxe5 19. g3 Ng4 20. Bb2 Rf8 21.
h3 Nf6 22. Be5 Qc5 23. Ng5 Ne4 24. Nxe4 fxe4 25. Bh5+ Kd8 26. Qh6 Nf5 27. Qg6
Kc8 28. a5 d4 29. Bf4 Qd5 30. axb6 Bc6 31. Qh7 Bd7 32. Rfb1 axb6 33. Rxa8+ Qxa8
34. Rxb6 1-0

[Event "Carnaval"]
[Site "Quebec CAN"]
[Date "1973.03.04"]
[Round "4"]
[White "Gagnon, Jean-M"]
[Black "Brodie, Hugh"]
[Result "0-1"]
[WhiteElo "1600"]
[BlackElo "1800"]
[PlyCount "98"]
[EventDate "1973.03.02"]
[EventType "swiss"]
[EventRounds "5"]
[EventCountry "CAN"]

1. e4 c5 2. Nf3 d6 3. d4 cxd4 4. Nxd4 Nf6 5. Nc3 g6 6. Bg5 Bg7 7. h3 h6 8. Be3
O-O 9. Bd3 Nc6 10. a3 Bd7 11. O-O Rc8 12. Nce2 Ne5 13. Qd2 Nxd3 14. cxd3 Kh7
15. Rac1 a6 16. Nf3 Be6 17. Nfd4 Bd7 18. f4 b5 19. Ng3 e6 20. Nf3 Qe7 21. Nh2
Rxc1 22. Rxc1 Rc8 23. Rf1 Qd8 24. b4 Qc7 25. Rc1 Qb7 26. Rxc8 Qxc8 27. Nf3 Qc7
28. Ne2 e5 29. fxe5 dxe5 30. Nc3 Be6 31. Ne1 Nd7 32. Nc2 f5 33. exf5 gxf5 34.
Ne1 Nf6 35. Nd1 Qf7 36. Nf3 Nd5 37. Bf2 f4 38. Nc3 Nxc3 39. Nxe5 Bxe5 40. d4
Bxd4 41. Bxd4 Nd5 42. Qe2 Qf5 43. Qf3 Qg6 44. h4 Kg8 45. Qe2 Qf5 46. Qf3 Bc8
47. Qe2 Kf7 48. Qf3 Nf6 49. Qc6 Qb1+ 0-1

[Event "Carnaval"]
[Site "Quebec CAN"]
[Date "1973.03.04"]
[Round "5"]
[White "Brodie, Hugh"]
[Black "Rust, Andy"]
[Result "1-0"]
[WhiteElo "1800"]
[BlackElo "1700"]
[PlyCount "89"]
[EventDate "1973.03.02"]
[EventType "swiss"]
[EventRounds "5"]
[EventCountry "CAN"]

1. e4 c5 2. Nf3 Nc6 3. d4 cxd4 4. Nxd4 e6 5. Nc3 a6 6. g3 d6 7. Bg2 Qc7 8. O-O
Nf6 9. h3 Be7 10. Be3 O-O 11. Qd2 Rd8 12. Rad1 Bd7 13. a3 Ne5 14. f4 Nc4 15.
Qc1 Nxe3 16. Qxe3 Qb6 17. Kh2 Rac8 18. Rd3 Bf8 19. Qf3 Bc6 20. Nxc6 Rxc6 21.
Qe3 Qxe3 22. Rxe3 d5 23. exd5 Nxd5 24. Nxd5 exd5 25. c3 Rcd6 26. Rd1 b5 27.
Red3 d4 28. Rxd4 Rxd4 29. Rxd4 Rxd4 30. cxd4 Bd6 31. Bc6 Kf8 32. Kg2 Ke7 33.
Kf3 b4 34. axb4 Bxb4 35. Ke4 g6 36. Ke5 a5 37. f5 gxf5 38. Kxf5 Be1 39. g4 Bf2
40. d5 Be3 41. h4 Kd6 42. Kf6 Bc1 43. b3 h6 44. Kxf7 Bb2 45. g5 1-0

[Event "Montreal-Tch"]
[Site "Montreal CAN"]
[Date "1973.02.06"]
[Round "1"]
[White "Wagle, P."]
[Black "Brodie, Hugh"]
[Result "0-1"]
[WhiteElo "1800"]
[BlackElo "1600"]
[PlyCount "42"]
[EventDate "1973.02.06"]
[EventType "team"]
[EventRounds "9"]
[EventCountry "CAN"]

1. Nf3 d6 2. g3 e5 3. d3 Nc6 4. Bg2 g6 5. O-O Bg7 6. Nbd2 f5 7. e4 Nf6 8. Nh4
Be6 9. f4 Qd7 10. exf5 gxf5 11. Bxc6 bxc6 12. fxe5 dxe5 13. Ndf3 O-O-O 14. Be3
Ng4 15. Bxa7 Rhg8 16. Qe2 Kb7 17. Bc5 Qd5 18. Bb4 e4 19. dxe4 fxe4 20. Rfe1
exf3 21. Qxe6 f2+ 0-1

[Event "Montreal-Tch"]
[Site "Montreal CAN"]
[Date "1973.02.16"]
[Round "2"]
[White "Billyard, Ron"]
[Black "Brodie, Hugh"]
[Result "1-0"]
[WhiteElo "1800"]
[BlackElo "1800"]
[PlyCount "49"]
[EventDate "1973.02.06"]
[EventType "team"]
[EventRounds "9"]
[EventCountry "CAN"]

1. d4 Nf6 2. c4 e5 3. dxe5 Ng4 4. Nf3 Bc5 5. e3 Nc6 6. Be2 Ngxe5 7. Nxe5 Nxe5
8. O-O d6 9. f4 Nc6 10. Kh1 Qh4 11. Nc3 Bd7 12. Nd5 O-O-O 13. a3 Rde8 14. b4
Bb6 15. Nxb6+ axb6 16. a4 Re6 17. g3 Qh6 18. a5 bxa5 19. b5 Ne7 20. Rxa5 Kd8
21. Ra8+ Bc8 22. f5 Re5 23. e4 g5 24. f6 Ng6 25. Bg4 1-0

[Event "Montreal-Tch"]
[Site "Montreal CAN"]
[Date "1973.02.21"]
[Round "3"]
[White "Brodie, Hugh"]
[Black "Bokan, Stefan"]
[Result "0-1"]
[WhiteElo "1800"]
[BlackElo "1900"]
[PlyCount "56"]
[EventDate "1973.02.06"]
[EventType "team"]
[EventRounds "9"]
[EventCountry "CAN"]

1. e4 c5 2. Nf3 d6 3. d4 cxd4 4. Nxd4 Nf6 5. Nc3 a6 6. Bg5 e6 7. f4 Be7 8. Qf3
Nbd7 9. O-O-O Qc7 10. g4 b5 11. Bxf6 gxf6 12. f5 Ne5 13. Qh3 b4 14. Nce2 exf5
15. gxf5 Bb7 16. Bg2 h5 17. Nf4 Rc8 18. Rhg1 Qa5 19. Kb1 Nc4 20. Bf3 Qb6 21.
Rg7 Bf8 22. Rxf7 Kxf7 23. Bxh5+ Ke7 24. Ng6+ Kd7 25. Nxh8 Bxe4 26. Bf3 Na3+ 27.
Ka1 Qxd4 28. c3 Rxc3 0-1

[Event "Montreal-Tch"]
[Site "Montreal CAN"]
[Date "1973.02.23"]
[Round "4"]
[White "Brodie, Hugh"]
[Black "Gagnon, Robert"]
[Result "1-0"]
[WhiteElo "1800"]
[BlackElo "1600"]
[PlyCount "69"]
[EventDate "1973.02.06"]
[EventType "team"]
[EventRounds "9"]
[EventCountry "CAN"]

1. e4 c5 2. Nf3 Nc6 3. d4 cxd4 4. Nxd4 Nf6 5. Nc3 d6 6. Bc4 e6 7. Bb3 Bd7 8.
Be3 Be7 9. f4 O-O 10. Qf3 Rc8 11. O-O-O a6 12. f5 Na5 13. g4 Nxb3+ 14. axb3 Qa5
15. g5 Ne8 16. Rdf1 d5 17. f6 dxe4 18. Qxe4 Bb4 19. Nb1 e5 20. Nf5 Bc6 21. Qh4
Bxh1 22. Ne7+ Bxe7 23. fxe7 Qd5 24. Qxh7+ Kxh7 25. exf8=Q Rxc2+ 26. Kxc2 Be4+
27. Kc3 Qd3+ 28. Kb4 Nd6 29. Nc3 b5 30. Rd1 a5+ 31. Kxa5 Nb7+ 32. Kb4 Qxe3 33.
Qe7 Qb6 34. Nxb5 Qc5+ 35. Qxc5 1-0

[Event "Montreal-Tch"]
[Site "Montreal CAN"]
[Date "1973.03.07"]
[Round "5"]
[White "Brodie, Hugh"]
[Black "Bray, Ron"]
[Result "0-1"]
[WhiteElo "1800"]
[BlackElo "1800"]
[PlyCount "58"]
[EventDate "1973.02.06"]
[EventType "team"]
[EventRounds "9"]
[EventCountry "CAN"]

1. f4 b6 2. b3 Bb7 3. e3 e6 4. Nf3 c5 5. Bb2 Nf6 6. Be2 d6 7. O-O Be7 8. a3
Nbd7 9. Qe1 Qc7 10. Nc3 a6 11. d3 h6 12. Nd1 Rg8 13. e4 d5 14. exd5 Nxd5 15. g3
O-O-O 16. d4 g5 17. f5 exf5 18. Ne5 Nf4 19. Bf3 Nh3+ 20. Kg2 g4 21. Ne3 gxf3+
22. Kxh3 f4 23. gxf4 Nxe5 24. dxe5 Be4 25. f5 Qd7 26. e6 fxe6 27. Rd1 Qe8 28.
Rxd8+ Bxd8 29. Ng4 Bxf5 0-1

[Event "Montreal-Tch"]
[Site "Montreal CAN"]
[Date "1973.03.21"]
[Round "7"]
[White "Brodie, Hugh"]
[Black "Glenza, Zinc"]
[Result "1-0"]
[WhiteElo "1800"]
[BlackElo "1800"]
[PlyCount "73"]
[EventDate "1973.02.06"]
[EventType "team"]
[EventRounds "9"]
[EventCountry "CAN"]

1. e4 d6 2. d4 Nf6 3. Nc3 g6 4. f4 Bg7 5. Nf3 O-O 6. Bd3 c5 7. dxc5 dxc5 8. O-O
Bg4 9. h3 Bxf3 10. Qxf3 Nc6 11. Be3 Nd4 12. Qf2 Rc8 13. Rad1 e6 14. g4 Nd7 15.
e5 Nc6 16. Ne4 b6 17. Nd6 Rc7 18. c3 Qe7 19. Ba6 Ndb8 20. Be2 a6 21. g5 Rd8 22.
Ne4 Rcd7 23. Rxd7 Rxd7 24. Nf6+ Bxf6 25. gxf6 Qf8 26. h4 h5 27. Kh2 Kh8 28. Rg1
Rd8 29. Bxh5 Nd7 30. Bxg6 Ndxe5 31. fxe5 fxg6 32. f7 Nxe5 33. Qf6+ Kh7 34. Qxe5
Qxf7 35. Qg5 Rd5 36. Qh6+ Kg8 37. Rxg6+ 1-0

[Event "Montreal-Tch"]
[Site "Montreal CAN"]
[Date "1973.03.23"]
[Round "8"]
[White "Brodie, Hugh"]
[Black "Huot, Claude"]
[Result "1-0"]
[WhiteElo "1800"]
[BlackElo "1600"]
[PlyCount "31"]
[EventDate "1973.02.06"]
[EventType "team"]
[EventRounds "9"]
[EventCountry "CAN"]

1. e4 c5 2. Nf3 d6 3. d4 cxd4 4. Nxd4 Nf6 5. Nc3 a6 6. Bg5 e6 7. f4 Be7 8. Qf3
Qc7 9. O-O-O Nbd7 10. g4 b5 11. Bxf6 Nxf6 12. g5 Nd7 13. f5 e5 14. Nd5 Bxg5+
15. Kb1 Qd8 16. Nc6 1-0

[Event "Montreal-Tch"]
[Site "Montreal CAN"]
[Date "1973.04.13"]
[Round "9"]
[White "Reichmann, Paul"]
[Black "Brodie, Hugh"]
[Result "0-1"]
[WhiteElo "1600"]
[BlackElo "1800"]
[PlyCount "72"]
[EventDate "1973.02.06"]
[EventType "team"]
[EventRounds "9"]
[EventCountry "CAN"]

1. e4 c5 2. Nf3 d6 3. d4 cxd4 4. Nxd4 Nf6 5. Bc4 Nxe4 6. O-O e6 7. Re1 d5 8.
Bb5+ Bd7 9. c4 Bb4 10. Bd2 Nxd2 11. Nxd2 O-O 12. cxd5 exd5 13. Rc1 Bxb5 14.
Nxb5 Nc6 15. a3 Ba5 16. b4 Bb6 17. Nb3 a6 18. N5d4 Nxd4 19. Nxd4 Qf6 20. Nf3
Rad8 21. a4 a5 22. bxa5 Bxa5 23. Re5 Qd6 24. Qd4 f6 25. Rh5 g6 26. Rh6 Rfe8 27.
h4 Kg7 28. Ng5 Rh8 29. Rc5 Bb6 30. Qb4 Bxc5 31. Qxb7+ Rd7 32. Qb2 Kxh6 33. h5
Rb8 34. Qa1 Bd4 35. Qc1 fxg5 36. Qxg5+ Kg7 0-1

[Event "Montreal-Tch"]
[Site "Montreal CAN"]
[Date "1973.04.15"]
[Round "10"]
[White "Poirier, Imre"]
[Black "Brodie, Hugh"]
[Result "0-1"]
[WhiteElo "1850"]
[BlackElo "1800"]
[PlyCount "92"]
[EventDate "1973.02.06"]
[EventType "team"]
[EventRounds "9"]
[EventCountry "CAN"]

1. e4 c5 2. Nf3 d6 3. d4 cxd4 4. Nxd4 Nf6 5. Nc3 g6 6. f3 Bg7 7. Bc4 O-O 8. Be3
Nc6 9. Qd2 Bd7 10. O-O-O Qa5 11. a3 Rfc8 12. Nb3 Qd8 13. Be2 Ne5 14. Bh6 Bh8
15. Kb1 Nc4 16. Bxc4 Rxc4 17. Qd3 Rac8 18. Rhe1 b5 19. Re2 a5 20. Nd5 Nxd5 21.
Qxd5 a4 22. Nc1 b4 23. axb4 Rxb4 24. Nd3 Rb5 25. Qa2 Rcb8 26. Bc1 Qb6 27. Qa3
Be6 28. e5 Bc4 29. Qxa4 Bxd3 30. cxd3 Bxe5 31. d4 Bf4 32. Qc4 Qa6 33. Qd3 Bxc1
34. Kxc1 Qa1+ 35. Qb1 Rc8+ 36. Rc2 Rxc2+ 37. Kxc2 Qa4+ 38. b3 Qa6 39. Kb2 Rb4
40. Qd3 Qb7 41. Qc3 Rb6 42. Rc1 Kg7 43. Qc7 Rxb3+ 44. Ka2 Qb4 45. Qa7 Rb2+ 46.
Ka1 Rxg2 0-1

[Event "Ottawa-2"]
[Site "Ottawa CAN"]
[Date "1972.11.18"]
[Round "2"]
[White "Brodie, Hugh"]
[Black "Nguyen, Tuong"]
[Result "1-0"]
[WhiteElo "1800"]
[BlackElo "1700"]
[PlyCount "65"]
[EventDate "1972.11.18"]
[EventType "swiss"]
[EventRounds "5"]
[EventCountry "CAN"]

1. e4 c5 2. d4 cxd4 3. c3 dxc3 4. Nxc3 Nc6 5. Nf3 Nf6 6. Bc4 e6 7. O-O Be7 8.
Qe2 O-O 9. Rd1 Na5 10. Bf4 a6 11. Rac1 Nxc4 12. Qxc4 b5 13. Qd3 Bb7 14. a3 Rc8
15. Rc2 d5 16. exd5 Nxd5 17. Nxd5 Bxd5 18. Rcd2 Rc4 19. Bg3 Qc8 20. h3 Bf6 21.
Ne5 Rc1 22. Kh2 Rxd1 23. Rxd1 Rd8 24. Qe2 Be7 25. Qh5 g6 26. Qh6 Bf8 27. Qf4
Qb7 28. Ng4 Bg7 29. Nf6+ Kh8 30. Qh4 h6 31. Bf4 Rc8 32. Bxh6 Bxg2 33. Bg5+ 1-0

[Event "Ottawa-2"]
[Site "Ottawa CAN"]
[Date "1972.11.18"]
[Round "3"]
[White "Brodie, Hugh"]
[Black "South, Robert"]
[Result "1/2-1/2"]
[WhiteElo "1800"]
[BlackElo "1800"]
[PlyCount "31"]
[EventDate "1972.11.18"]
[EventType "swiss"]
[EventRounds "5"]
[EventCountry "CAN"]

1. e4 Nc6 2. Nc3 e6 3. d4 d5 4. e5 f6 5. exf6 Nxf6 6. Nf3 Bd6 7. Nb5 O-O 8.
Nxd6 Qxd6 9. c3 e5 10. dxe5 Nxe5 11. Be2 Bg4 12. O-O Rae8 13. Be3 Ng6 14. Qc2
Nf4 15. Bxf4 Qxf4 16. Rad1 1/2-1/2

[Event "Ottawa-2"]
[Site "Ottawa CAN"]
[Date "1972.11.19"]
[Round "4"]
[White "Blagden, P."]
[Black "Brodie, Hugh"]
[Result "1/2-1/2"]
[WhiteElo "1600"]
[BlackElo "1800"]
[PlyCount "45"]
[EventDate "1972.11.18"]
[EventType "swiss"]
[EventRounds "5"]
[EventCountry "CAN"]

1. e4 c5 2. Nf3 d6 3. d4 cxd4 4. Nxd4 Nf6 5. Nc3 g6 6. Bc4 Bg7 7. O-O O-O 8.
Be3 Nc6 9. f4 Ng4 10. Nxc6 Nxe3 11. Nxd8 Nxd1 12. Raxd1 Rxd8 13. e5 Bg4 14.
Rde1 dxe5 15. fxe5 Be6 16. Bxe6 fxe6 17. Nb5 Rac8 18. c3 Rd5 19. Nd4 Rxe5 20.
Rxe5 Bxe5 21. Nxe6 Bf6 22. Rd1 Kf7 23. Nf4 1/2-1/2

[Event "Ottawa-2"]
[Site "Ottawa CAN"]
[Date "1972.11.19"]
[Round "5"]
[White "Streit, Howard"]
[Black "Brodie, Hugh"]
[Result "1/2-1/2"]
[WhiteElo "1800"]
[BlackElo "1800"]
[PlyCount "32"]
[EventDate "1972.11.18"]
[EventType "swiss"]
[EventRounds "5"]
[EventCountry "CAN"]

1. e4 e6 2. d4 d5 3. Nd2 c5 4. exd5 exd5 5. Bb5+ Bd7 6. Qe2+ Qe7 7. Bxd7+ Nxd7
8. dxc5 Qxe2+ 9. Nxe2 Bxc5 10. Nb3 Bb6 11. O-O Ngf6 12. a4 a6 13. Ned4 O-O 14.
Be3 Ng4 15. Rfe1 Rfe8 16. Bf4 Nc5 1/2-1/2

[Event "Quebec op"]
[Site "Montreal CAN"]
[Date "1972.10.06"]
[Round "1"]
[White "Mingarelli, Marco"]
[Black "Brodie, Hugh"]
[Result "0-1"]
[WhiteElo "1600"]
[BlackElo "1800"]
[PlyCount "80"]
[EventDate "1972.10.07"]
[EventType "swiss"]
[EventRounds "7"]
[EventCountry "CAN"]

1. e4 c5 2. Nf3 d6 3. d4 cxd4 4. Nxd4 Nf6 5. Nc3 g6 6. Be3 Bg7 7. f3 O-O 8. Bc4
Nc6 9. Qd2 Bd7 10. O-O-O Qa5 11. Kb1 Rfc8 12. Bb3 Ne5 13. h4 Nc4 14. Bxc4 Rxc4
15. Bh6 Rxd4 16. Qxd4 Bxh6 17. g4 Bg7 18. Qd2 Be6 19. Qg5 Qxg5 20. hxg5 Nd7 21.
Rh3 Rc8 22. Nd5 Bxd5 23. exd5 Rc5 24. b3 Rc3 25. Rd3 Rxd3 26. cxd3 Nb6 27. a4
Nxd5 28. Kc2 Be5 29. Rh1 Bf4 30. d4 Bxg5 31. Kd3 a6 32. Rf1 f5 33. Rf2 Kg7 34.
Kc4 Ne3+ 35. Kd3 fxg4 36. fxg4 Nxg4 37. Rc2 h5 38. a5 h4 39. Rc7 h3 40. Rc1
Bxc1 0-1

[Event "Quebec op"]
[Site "Montreal CAN"]
[Date "1972.10.07"]
[Round "2"]
[White "Brodie, Hugh"]
[Black "Ketis, Adolf"]
[Result "1/2-1/2"]
[WhiteElo "1800"]
[BlackElo "1800"]
[PlyCount "58"]
[EventDate "1972.10.07"]
[EventType "swiss"]
[EventRounds "7"]
[EventCountry "CAN"]

1. e4 e5 2. Nc3 Nc6 3. Bc4 Nf6 4. d3 Na5 5. Bb3 Nxb3 6. axb3 a6 7. f4 d6 8. Nf3
Bg4 9. h3 Bxf3 10. Qxf3 c6 11. O-O Nd7 12. fxe5 Nxe5 13. Qf2 f6 14. Ne2 Be7 15.
Nd4 Qd7 16. Nf5 Bf8 17. Bd2 Nf7 18. Qh4 O-O-O 19. Qf2 Re8 20. Qa7 Qc7 21. Ba5
Qb8 22. Qd4 Ne5 23. Ne3 Nf7 24. Qc4 Ne5 25. Qc3 Nd7 26. Nd5 Qa7+ 27. Kh1 Qc5
28. Qxc5 Nxc5 29. Nb6+ Kb8 1/2-1/2

[Event "Quebec op"]
[Site "Montreal CAN"]
[Date "1972.10.07"]
[Round "3"]
[White "Brodie, Hugh"]
[Black "Leimanis, Eriks"]
[Result "0-1"]
[WhiteElo "1800"]
[BlackElo "1900"]
[PlyCount "50"]
[EventDate "1972.10.07"]
[EventType "swiss"]
[EventRounds "7"]
[EventCountry "CAN"]

1. e4 d5 2. exd5 Qxd5 3. Nc3 Qd8 4. d4 g6 5. Nf3 Bg7 6. Bc4 Nh6 7. Bg5 O-O 8.
Qd2 Nf5 9. O-O-O Nc6 10. Ne2 Nd6 11. Bd3 Bf5 12. c3 Qd7 13. Ng3 Bxd3 14. Qxd3
b5 15. h4 b4 16. h5 bxc3 17. hxg6 cxb2+ 18. Kb1 fxg6 19. Qb3+ e6 20. d5 Na5 21.
dxe6 Qc6 22. Qb4 Nac4 23. Qb3 Rab8 24. Qd3 Qa4 25. a3 Nxa3+ 0-1

[Event "Quebec op"]
[Site "Montreal CAN"]
[Date "1972.10.08"]
[Round "4"]
[White "Sienkiewicz, Igor"]
[Black "Brodie, Hugh"]
[Result "1-0"]
[WhiteElo "1820"]
[BlackElo "1800"]
[PlyCount "105"]
[EventDate "1972.10.07"]
[EventType "swiss"]
[EventRounds "7"]
[EventCountry "CAN"]

1. d4 Nf6 2. Nc3 d5 3. f3 Bf5 4. Bg5 Nbd7 5. Nxd5 Nxd5 6. e4 Bxe4 7. fxe4 N5f6
8. e5 Nd5 9. Nf3 g6 10. Be2 Bg7 11. O-O O-O 12. c4 N5b6 13. Qb3 c5 14. Rad1 Qe8
15. Be3 Rc8 16. a4 cxd4 17. Bxd4 Nc5 18. Bxc5 Rxc5 19. Qe3 Rc7 20. b3 Qc6 21.
a5 Nd7 22. b4 Qe6 23. Rd5 Nf6 24. Rb5 Ne8 25. Qxa7 Qc6 26. Qe3 Rd7 27. Rd1
Rxd1+ 28. Bxd1 Qxc4 29. Be2 Qc8 30. Rc5 Qd7 31. Qc1 Qa4 32. Rb5 Bxe5 33. Nxe5
Nd6 34. Rc5 Qxb4 35. Qc3 Qb1+ 36. Qc1 Qb4 37. Qc3 Qb1+ 38. Bf1 Qe4 39. Qd3 Qa4
40. h3 Qa1 41. Qc3 Qa4 42. Nc4 Ne4 43. Nb6 Nxc3 44. Nxa4 Nxa4 45. Rc4 Nb2 46.
Rb4 Nd1 47. Rxb7 e6 48. a6 Kg7 49. a7 Ra8 50. Bb5 Nc3 51. Be8 Nd5 52. Rxf7+ Kg8
53. Rb7 1-0